Liste des périodes géologiques de la Terre - Statistiques

Statistiques générales
  • Ce quiz a été pris 121 fois
  • Le résultat moyen est 7 sur 26
Statistiques - réponses
Phanérozoïque % Correct
Jurassique
94%
Crétacé
87%
Trias
76%
Cambrien
55%
Permien
52%
Carbonifère
43%
Dévonien
41%
Silurien
39%
Néogène
35%
Quaternaire
35%
Ordovicien
33%
Paléogène
33%
Mésoarchéen
16%
Néoarchéen
16%
Eoarchéen
13%
Paléoarchéen
12%
Cryogénien
7%
Ediacarien
7%
Tonien
7%
Sidérien
6%
Calymmien
5%
Ectasien
5%
Orosirien
5%
Rhyacien
5%
Stathérien
5%
Sténien
5%
Aucun quiz correspondant
Distribution des résultats
% des personnes avec chaque résultat
Percentile par nombre de réponses
Votre historique - résultats
Vous n’avez pas pris ce quiz